01539nam a2200349 i 4500003000900000005001700009007000300026008004100029020001800070040003000088082002100118100005500139245006700194264007300261300002500334336002700359337003300386338002800419490001400447500007000461500006100531586005500592590002700647650002400674650002600698910001400724942001400738952013600752952014200888952014201030999001701172DO-SdBNP20250403150013.0ta250402t2024 dr 000 pdspa d z9789945500103 aDO-SdBNPbspacBNPHUerda aRD861bL318V2221 aLara Vizcaíno, Deuri d1994-eautor4aut.98005510aVirginia, en mi escritura cruje la vida /cDeuri Lara Vizcaino aSanto Domingo :bEditora Nacional,bEditora Amigo del Hogar, c2024. a98 páginasc21 cm. atextobtxt2rdacontent asin mediaciónbn2rdamedia avolumenbnc2rdacarrier1 aPoesía  aIncluye datos biográficos del autor en la solapa de la portada. aLa biblioteca posee la reimpresión de septiembre 2024. aPremio Joven de poesía Zacarías Espinal, 2020. aInventariado, 2025/ YL 7aPoesía Dominicana 7aLiteratura Dominicana aYLockward 2ddccLBS1 00102ddc51708PDaBNPHUbBNPHUcCTd2024-10-11eDeposito Legall0oBNPHU PD RD861 L318Vp2025-2411r2025-04-02w2025-04-02yLBS1 00102ddc51708PDaBNPHUbBNPHUcCTd2024-10-11eDeposito Legall0oBNPHU PD RD861 L318Vp2025-2412r2025-04-02te. 2w2025-04-02yLBS1 00102ddc56708DSaBNPHUbBNPHUcCTd2024-10-11eDeposito Legall0oBNPHU DS RD861 L318Vp2025-2413r2025-04-02te. 3w2025-04-02yLBS1 c58575d58575